00211nam a22000857a 4500100002200000245004000022260002600062300000900088650002800097 aBandara,A.M.C.C.S aMacrocycles: Biological Macrocycles aColombobICHEMCc2015 a29 p abiological macrocycles